• 首页
  • 本馆介绍
  • 公告通知
  • 最新文献
  • 馆藏检索
  • 电子资源
  • 读者导购
  • 参考咨询
  • 我的图书馆
  • 登录
  • 详细信息显示
  • 放入我的书架
  • 预约/预借图书
  • 作者相关作品
  • 分类相关作品
  • 丛书相关作品
  • 出版社相关作品

书目信息

  • 表格格式
  • 工作单格式
  • 卡片格式
题名:
借问芳名
    
 
作者: 汪铮 , 郑澎 , 罗蕾 , 刘禺杉 杉著
分册:  
出版信息: 成都   西南交通大学出版社  2019.9
页数: 105页
开本: 23cm
丛书名:
单 册:
中图分类: Q948.527.11 , Q958.527.11
科图分类:
主题词: 西南交通大学--植物志 , 西南交通大学--动物志
电子资源:
ISBN: 978-7-5643-7088-6
000 01173nam0 2200289 45
001 012001003641
005 20131105091059.0
010    @a978-7-5643-7088-6@dCNY68.00
100    @a20190827d2019 em y0chiy0110 ea
101 0  @achi
102    @aCN@b510000
105    @ay z 000yy
106    @ar
200 1  @a借问芳名@9jie wen fang ming@f汪铮,郑澎,罗蕾,刘禺杉著
210    @a成都@c西南交通大学出版社@d2019.9
215    @a105页@d23cm
330    @a本书以西南交通大学犀浦校区的25种植物为对象,结合历史掌故、逸闻轶事、文艺随笔、校园文化等介绍校园内与学生朝夕相伴的风物。全书内容以记述为主,按照生物学分类,辅以生物特性介绍、生物细节彩铅手绘图和校园分布地摄影作品,摄影作品主要来自学生本人,旨在普及生物常识、传播中国优秀传统文化,培养学生认识美、体验美、感受美、欣赏美和创造美的能力,引导学生热爱校园、健康生活。
606 0  @a西南交通大学@x植物志
606 0  @a西南交通大学@x动物志
690    @aQ948.527.11@v5
690    @aQ958.527.11@v5
701  0 @a汪铮@9wang zheng@4杉著
701  0 @a郑澎@9zheng peng@4杉著
701  0 @a罗蕾@9luo lei@4杉著
701  0 @a刘禺杉@9liu yu shan@4著
801  0 @aCN@b上海新华@c20191020
905    @b1206091-4@dQ948.527.11@e432@f4
    
    借问芳名/汪铮,郑澎,罗蕾,刘禺杉著.-成都:西南交通大学出版社,2019.9
    105页;23cm
    
    
    ISBN 978-7-5643-7088-6:CNY68.00
    本书以西南交通大学犀浦校区的25种植物为对象,结合历史掌故、逸闻轶事、文艺随笔、校园文化等介绍校园内与学生朝夕相伴的风物。全书内容以记述为主,按照生物学分类,辅以生物特性介绍、生物细节彩铅手绘图和校园分布地摄影作品,摄影作品主要来自学生本人,旨在普及生物常识、传播中国优秀传统文化,培养学生认识美、体验美、感受美、欣赏美和创造美的能力,引导学生热爱校园、健康生活。
●
相关链接 在E读中查询图书 在五车中查询图书 在当当中查询图书 在豆瓣中查询图书


正题名:借问芳名     索取号:Q948.527.11/432         预约/预借

序号 登录号 条形码 馆藏地/架位号 状态 备注
1 1206091   212060918   第二样本阅览室/ [索取号:Q948.527.11/432] 在馆    
2 1206092   212060927   第三借阅区/ [索取号:Q948.527.11/432] 在馆    
3 1206093   212060936   第三借阅区/ [索取号:Q948.527.11/432] 在馆    
4 1206094   212060945   第三借阅区/ [索取号:Q948.527.11/432] 在馆    
唐山师范学院图书馆 欢迎您!
大连网信软件有限公司© 版权所有